| 000 | 00915cam a22002531 4500 | ||
|---|---|---|---|
| 001 | ca 32000258 | ||
| 003 | DLC | ||
| 005 | 20260227111126.0 | ||
| 008 | 780814s1921 pl b 000 0 pol | ||
| 010 | _aca 32000258 | ||
| 035 | _a(OCoLC)4139249 | ||
| 040 |
_aDLC _cICIU _dICIU _dDLC |
||
| 042 | _apremarc | ||
| 050 | 0 | 0 |
_aPG7158.S6 _bP6 |
| 100 | 1 |
_aSłowacki, Juliusz, _d1809-1849. |
|
| 245 | 1 | 0 |
_aPowieści poetyckie. _cOpracował Manfred Kridl. |
| 260 |
_aKraków, _bNakładem Krakowskiej Spółki Wydawniczej _c[1921?] |
||
| 300 |
_axlii, 233 p. _c18 cm. |
||
| 490 | 0 |
_aBibljoteka narodowa. Seria I, _vnr. 47 |
|
| 500 | _aAt head of title: Juljusz Słowacki. | ||
| 504 | _aBibliography: p. xli-xlii. | ||
| 505 | 0 | _aSzanfary.--Hugo.--Do Michała Rola Skibickiego.--Mnich.--Jan Bielecki.--Arab.--Żmija.--Przedmowa do III tomu Poezyj.--Lambro.--Godzina myśli. | |
| 700 | 1 |
_aKridl, Manfred, _d1882-1957, _eed. |
|
| 999 |
_c16911 _d16911 |
||